Statistics for Top 10 Most Expensive European Capitals

Click here to take the quiz!

General Stats

  • This quiz has been taken 71 times
  • The average score is 8 of 10

Answer Stats

Price IndexCapital% Correct
197London
97%
140Oslo
94%
151Paris
93%
148Amsterdam
90%
135Berlin
88%
125Brussels
82%
154Copenhagen
82%
130Helsinki
79%
162Dublin
78%
135Luxembourg
60%

Score Distribution

Percentile by Number Answered

Percent of People with Each Score

Your Score History

You have not taken this quiz